000 00832cam a2200229 a 4500
001 14166393
005 20240220064915.0
008 051109s2005 qucb bf 000 0 eng
020 _a0773528811
040 _aNLC
_beng
_cNLC
_dOCLCQ
_dC#P
_dVP@
_dB2Q
_dDLC
082 0 4 _a321.02
_222
_bHAN.
245 0 0 _aHandbook of federal countries, 2005 /
_cedited by Ann L. Griffiths ; coordinated for the Forum of Federations by Karl Nerenberg.
260 _aLondon :
_bMcGill-Queen's University Press /
_c2005.
300 _axviii, 462 p. :
650 0 _aFederal government
650 6 _aGouvernement fédéral
700 1 _aGriffiths, Ann L.
_eedt
700 1 _aNerenberg, Karl.
_eedt
856 4 1 _uhttp://www.loc.gov/catdir/toc/fy0602/2005639082.html
856 4 2 _uhttp://www.loc.gov/catdir/enhancements/fy1002/2005639082-b.html
942 _cL
999 _c441
_d441